<?xml version="1.0" encoding="UTF-8"?>
<record
    xmlns:xsi="http://www.w3.org/2001/XMLSchema-instance"
    xsi:schemaLocation="http://www.loc.gov/MARC21/slim http://www.loc.gov/standards/marcxml/schema/MARC21slim.xsd"
    xmlns="http://www.loc.gov/MARC21/slim">

  <leader>03964nam0a2200481   4500</leader>
  <controlfield tag="001">RU\NLR\BIBL_A\011668371</controlfield>
  <controlfield tag="005">20250630155747.0</controlfield>
  <datafield tag="020" ind1=" " ind2=" ">
    <subfield code="a">RU</subfield>
    <subfield code="b">13833</subfield>
    <subfield code="9">&#x421;&#x432;&#x43E;&#x434;&#x43D;&#x44B;&#x439; &#x43A;&#x430;&#x442;&#x430;&#x43B;&#x43E;&#x433; &#x43B;&#x438;&#x441;&#x442;&#x43E;&#x432;&#x43E;&#x43A; &#x43F;&#x435;&#x440;&#x432;&#x44B;&#x445; &#x43B;&#x435;&#x442; &#x421;&#x43E;&#x432;&#x435;&#x442;&#x441;&#x43A;&#x43E;&#x439; &#x432;&#x43B;&#x430;&#x441;&#x442;&#x438; (25 &#x43E;&#x43A;&#x442;&#x44F;&#x431;&#x440;&#x44F; (7 &#x43D;&#x43E;&#x44F;&#x431;&#x440;&#x44F;) 1917 - 1925) &#x422;.5. &#x41B;&#x438;&#x441;&#x442;&#x43E;&#x432;&#x43A;&#x438; &#x441;&#x43E;&#x432;&#x435;&#x442;&#x441;&#x43A;&#x438;&#x445;, &#x43F;&#x430;&#x440;&#x442;&#x438;&#x439;&#x43D;&#x44B;&#x445;, &#x43F;&#x440;&#x43E;&#x444;&#x441;&#x43E;&#x44E;&#x437;&#x43D;&#x44B;&#x445;, &#x43A;&#x43E;&#x43C;&#x441;&#x43E;&#x43C;&#x43E;&#x43B;&#x44C;&#x441;&#x43A;&#x438;&#x445; &#x438; &#x434;&#x440;&#x443;&#x433;&#x438;&#x445; &#x43E;&#x440;&#x433;&#x430;&#x43D;&#x438;&#x437;&#x430;&#x446;&#x438;&#x439; &#x43A;&#x440;&#x430;&#x435;&#x432; &#x420;&#x421;&#x424;&#x421;&#x420;. &#x427;.1</subfield>
  </datafield>
  <datafield tag="035" ind1=" " ind2=" ">
    <subfield code="a">(NLR Aleph) 011668371</subfield>
  </datafield>
  <datafield tag="090" ind1=" " ind2=" ">
    <subfield code="a">11222579</subfield>
    <subfield code="c">11222579</subfield>
  </datafield>
  <datafield tag="100" ind1=" " ind2=" ">
    <subfield code="a">20180402d1924    |||y0rusy50      ca</subfield>
  </datafield>
  <datafield tag="101" ind1="0" ind2=" ">
    <subfield code="a">rus</subfield>
  </datafield>
  <datafield tag="102" ind1=" " ind2=" ">
    <subfield code="a">RU</subfield>
  </datafield>
  <datafield tag="105" ind1=" " ind2=" ">
    <subfield code="a">y   z   000zy</subfield>
  </datafield>
  <datafield tag="135" ind1=" " ind2=" ">
    <subfield code="a">crcn 024apada</subfield>
  </datafield>
  <datafield tag="200" ind1="1" ind2=" ">
    <subfield code="a">&#x41A;&#x440;&#x430;&#x442;&#x43A;&#x438;&#x439; &#x43E;&#x442;&#x447;&#x435;&#x442; &#x422;&#x435;&#x440;&#x441;&#x43A;&#x43E;&#x433;&#x43E; &#x43E;&#x43A;&#x440;&#x443;&#x436;&#x43D;&#x43E;&#x433;&#x43E; &#x438;&#x441;&#x43F;&#x43E;&#x43B;&#x43D;&#x438;&#x442;&#x435;&#x43B;&#x44C;&#x43D;&#x43E;&#x433;&#x43E; &#x43A;&#x43E;&#x43C;&#x438;&#x442;&#x435;&#x442;&#x430; &#x421;&#x43E;&#x432;&#x435;&#x442;&#x43E;&#x432; &#x440;&#x430;&#x431;&#x43E;&#x447;&#x438;&#x445;, &#x43A;&#x440;&#x435;&#x441;&#x442;&#x44C;&#x44F;&#x43D;&#x441;&#x43A;&#x438;&#x445;, &#x43A;&#x440;&#x430;&#x441;&#x43D;&#x43E;&#x430;&#x440;&#x43C;&#x435;&#x439;&#x441;&#x43A;&#x438;&#x445; &#x438; &#x43A;&#x430;&#x437;&#x430;&#x447;&#x44C;&#x438;&#x445; &#x434;&#x435;&#x43F;&#x443;&#x442;&#x430;&#x442;&#x43E;&#x432; 4-&#x433;&#x43E; &#x441;&#x43E;&#x437;&#x44B;&#x432;&#x430; &#x43A;&#x440;&#x435;&#x441;&#x442;&#x44C;&#x44F;&#x43D;&#x430;&#x43C; &#x438; &#x43A;&#x430;&#x437;&#x430;&#x43A;&#x430;&#x43C; &#x422;&#x435;&#x440;&#x441;&#x43A;&#x43E;&#x433;&#x43E; &#x43E;&#x43A;&#x440;&#x443;&#x433;&#x430; &#x437;&#x430; 1923-24 &#x433;.</subfield>
    <subfield code="e">[&#x43B;&#x438;&#x441;&#x442;&#x43E;&#x432;&#x43A;&#x430;</subfield>
    <subfield code="f">&#x422;&#x435;&#x440;&#x441;&#x43A;&#x438;&#x439; &#x43E;&#x43A;&#x440;. &#x438;&#x441;&#x43F;&#x43E;&#x43B;&#x43D;&#x438;&#x442;&#x435;&#x43B;&#x44C;&#x43D;&#x44B;&#x439; &#x43A;&#x43E;&#x43C;&#x438;&#x442;&#x435;&#x442; &#x421;&#x43E;&#x432;&#x435;&#x442;&#x43E;&#x432;]</subfield>
  </datafield>
  <datafield tag="210" ind1=" " ind2=" ">
    <subfield code="a">&#x41F;&#x44F;&#x442;&#x438;&#x433;&#x43E;&#x440;&#x441;&#x43A;</subfield>
    <subfield code="c">1-&#x44F; &#x413;&#x43E;&#x441;&#x442;&#x438;&#x43F;.</subfield>
    <subfield code="d">1924</subfield>
  </datafield>
  <datafield tag="215" ind1=" " ind2=" ">
    <subfield code="a">1 &#x441;. &#x432; 8 &#x441;&#x442;&#x431;.</subfield>
    <subfield code="d">62&#x445;100</subfield>
  </datafield>
  <datafield tag="300" ind1=" " ind2=" ">
    <subfield code="a">&#x41F;&#x43E;&#x434;&#x43F;&#x438;&#x441;&#x438;: &#x422;&#x435;&#x440;&#x441;&#x43A;&#x438;&#x439; &#x43E;&#x43A;&#x440;&#x443;&#x436;&#x43D;&#x43E;&#x439; &#x438;&#x441;&#x43F;&#x43E;&#x43B;&#x43D;&#x438;&#x442;&#x435;&#x43B;&#x44C;&#x43D;&#x44B;&#x439; &#x43A;&#x43E;&#x43C;&#x438;&#x442;&#x435;&#x442;: &#x43F;&#x440;&#x435;&#x434;&#x441;&#x435;&#x434;&#x430;&#x442;&#x435;&#x43B;&#x44C; &#x41E;&#x43A;&#x440;&#x443;&#x436;&#x43D;&#x43E;&#x433;&#x43E; &#x438;&#x441;&#x43F;&#x43E;&#x43B;&#x43D;&#x438;&#x442;. &#x43A;&#x43E;&#x43C;&#x438;&#x442;&#x435;&#x442;&#x430; &#x41C;.&#x41C;. &#x41A;&#x430;&#x440;&#x43A;&#x43B;&#x438;&#x43D;; &#x437;&#x430;&#x43C;. &#x43F;&#x440;&#x435;&#x434;. &#x41E;&#x43A;&#x440;&#x438;&#x441;&#x43F;. &#x41C;&#x438;&#x43D;&#x435;&#x435;&#x432;; &#x441;&#x435;&#x43A;&#x440;&#x435;&#x442;&#x430;&#x440;&#x44C; &#x41E;&#x43A;&#x440;&#x443;&#x436;. &#x438;&#x441;&#x43F;&#x43E;&#x43B;&#x43D;&#x438;&#x442;. &#x43A;&#x43E;&#x43C;&#x438;&#x442;&#x435;&#x442;&#x430; &#x41F;. &#x412;&#x430;&#x442;&#x43E;&#x43B;&#x438;&#x43D;</subfield>
  </datafield>
  <datafield tag="300" ind1=" " ind2=" ">
    <subfield code="a">&#x41F;&#x435;&#x440;&#x435;&#x434; &#x437;&#x430;&#x433;&#x43B;.: &#x412;&#x441;&#x435;&#x43C; &#x440;&#x438;&#x43A;&#x430;&#x43C; &#x438; &#x441;&#x435;&#x43B;&#x44C;&#x441;&#x43E;&#x432;&#x435;&#x442;&#x430;&#x43C;. &#x41E;&#x437;&#x43D;&#x430;&#x447;&#x435;&#x43D;&#x43D;&#x44B;&#x439; &#x43E;&#x442;&#x447;&#x435;&#x442; &#x43E;&#x431;&#x44F;&#x437;&#x430;&#x442;&#x435;&#x43B;&#x44C;&#x43D;&#x43E; &#x432;&#x44B;&#x432;&#x435;&#x448;&#x438;&#x432;&#x430;&#x442;&#x44C; &#x43D;&#x430; &#x432;&#x438;&#x434;&#x43D;&#x43E;&#x43C; &#x43C;&#x435;&#x441;&#x442;&#x435; &#x438; &#x43E;&#x433;&#x43B;&#x430;&#x448;&#x430;&#x442;&#x44C; &#x43D;&#x430; &#x43E;&#x431;&#x449;&#x438;&#x445; &#x441;&#x43E;&#x431;&#x440;&#x430;&#x43D;&#x438;&#x44F;&#x445; &#x433;&#x440;&#x430;&#x436;&#x434;&#x430;&#x43D; &#x441;&#x435;&#x43B;&#x430; &#x438;&#x43B;&#x438; &#x441;&#x442;&#x430;&#x43D;&#x438;&#x446;&#x44B;</subfield>
  </datafield>
  <datafield tag="325" ind1="1" ind2=" ">
    <subfield code="a">&#x41A;&#x43E;&#x43F;&#x438;&#x44F; &#x434;&#x43E;&#x441;&#x442;&#x443;&#x43F;&#x43D;&#x430; &#x432; &#x42D;&#x43B;&#x435;&#x43A;&#x442;&#x440;&#x43E;&#x43D;&#x43D;&#x43E;&#x439; &#x431;&#x438;&#x431;&#x43B;&#x438;&#x43E;&#x442;&#x435;&#x43A;&#x435; &#x420;&#x41D;&#x411;</subfield>
  </datafield>
  <datafield tag="540" ind1="1" ind2=" ">
    <subfield code="a">&#x412;&#x441;&#x435;&#x43C; &#x440;&#x438;&#x43A;&#x430;&#x43C; &#x438; &#x441;&#x435;&#x43B;&#x44C;&#x441;&#x43E;&#x432;&#x435;&#x442;&#x430;&#x43C;. &#x41E;&#x437;&#x43D;&#x430;&#x447;&#x435;&#x43D;&#x43D;&#x44B;&#x439; &#x43E;&#x442;&#x447;&#x435;&#x442; &#x43E;&#x431;&#x44F;&#x437;&#x430;&#x442;&#x435;&#x43B;&#x44C;&#x43D;&#x43E; &#x432;&#x44B;&#x432;&#x435;&#x448;&#x438;&#x432;&#x430;&#x442;&#x44C; &#x43D;&#x430; &#x432;&#x438;&#x434;&#x43D;&#x43E;&#x43C; &#x43C;&#x435;&#x441;&#x442;&#x435; &#x438; &#x43E;&#x433;&#x43B;&#x430;&#x448;&#x430;&#x442;&#x44C; &#x43D;&#x430; &#x43E;&#x431;&#x449;&#x438;&#x445; &#x441;&#x43E;&#x431;&#x440;&#x430;&#x43D;&#x438;&#x44F;&#x445; &#x433;&#x440;&#x430;&#x436;&#x434;&#x430;&#x43D; &#x441;&#x435;&#x43B;&#x430; &#x438;&#x43B;&#x438; &#x441;&#x442;&#x430;&#x43D;&#x438;&#x446;&#x44B;</subfield>
  </datafield>
  <datafield tag="607" ind1=" " ind2=" ">
    <subfield code="a">&#x420;&#x421;&#x424;&#x421;&#x420;</subfield>
    <subfield code="j">&#x41B;&#x438;&#x441;&#x442;&#x43E;&#x432;&#x43A;&#x438;</subfield>
    <subfield code="x">&#x41F;&#x43E;&#x43B;&#x438;&#x442;&#x438;&#x43A;&#x430; &#x438; &#x443;&#x43F;&#x440;&#x430;&#x432;&#x43B;&#x435;&#x43D;&#x438;&#x435;</subfield>
    <subfield code="y">1917 - 1925</subfield>
    <subfield code="9">2312782</subfield>
    <subfield code="3">RU\NLR\auth\6601609564</subfield>
  </datafield>
  <datafield tag="607" ind1=" " ind2=" ">
    <subfield code="a">&#x422;&#x435;&#x440;&#x441;&#x43A;&#x430;&#x44F; &#x433;&#x443;&#x431;&#x435;&#x440;&#x43D;&#x438;&#x44F;</subfield>
    <subfield code="j">&#x41B;&#x438;&#x441;&#x442;&#x43E;&#x432;&#x43A;&#x438;</subfield>
    <subfield code="x">&#x41F;&#x43E;&#x43B;&#x438;&#x442;&#x438;&#x43A;&#x430; &#x438; &#x443;&#x43F;&#x440;&#x430;&#x432;&#x43B;&#x435;&#x43D;&#x438;&#x435;</subfield>
    <subfield code="z">1917 - 1924</subfield>
    <subfield code="9">2597393</subfield>
    <subfield code="3">RU\NLR\AUTH\6601743962</subfield>
  </datafield>
  <datafield tag="686" ind1="0" ind2=" ">
    <subfield code="a">&#x422;3(2)71-313,011</subfield>
  </datafield>
  <datafield tag="686" ind1="0" ind2=" ">
    <subfield code="a">&#x422;3(2&#x420;-7&#x422;&#x435;)71-313,011</subfield>
  </datafield>
  <datafield tag="702" ind1=" " ind2="1">
    <subfield code="4">720</subfield>
    <subfield code="a">&#x41A;&#x430;&#x440;&#x43A;&#x43B;&#x438;&#x43D;</subfield>
    <subfield code="b">&#x41C;. &#x41C;.</subfield>
    <subfield code="c">&#x443;&#x447;&#x430;&#x441;&#x442;&#x43D;&#x438;&#x43A; &#x443;&#x441;&#x442;&#x430;&#x43D;&#x43E;&#x432;&#x43B;&#x435;&#x43D;&#x438;&#x44F; &#x441;&#x43E;&#x432;&#x435;&#x442;&#x441;&#x43A;&#x43E;&#x439; &#x432;&#x43B;&#x430;&#x441;&#x442;&#x438;, &#x41F;&#x44F;&#x442;&#x438;&#x433;&#x43E;&#x440;&#x43A;</subfield>
    <subfield code="f">1894-1938</subfield>
    <subfield code="g">&#x41C;&#x430;&#x440;&#x442;&#x44B;&#x43D; &#x41C;&#x430;&#x440;&#x442;&#x44B;&#x43D;&#x43E;&#x432;&#x438;&#x447;</subfield>
    <subfield code="9">191623</subfield>
    <subfield code="3">RU\NLR\AUTH\770191674</subfield>
  </datafield>
  <datafield tag="702" ind1=" " ind2="1">
    <subfield code="4">720</subfield>
    <subfield code="a">&#x41C;&#x438;&#x43D;&#x435;&#x435;&#x432;</subfield>
    <subfield code="c">&#x443;&#x447;&#x430;&#x441;&#x442;&#x43D;&#x438;&#x43A; &#x443;&#x441;&#x442;&#x430;&#x43D;&#x43E;&#x432;&#x43B;&#x435;&#x43D;&#x438;&#x44F; &#x441;&#x43E;&#x432;&#x435;&#x442;&#x441;&#x43A;&#x43E;&#x439; &#x432;&#x43B;&#x430;&#x441;&#x442;&#x438;, &#x433;. &#x41F;&#x44F;&#x442;&#x438;&#x433;&#x43E;&#x440;&#x441;&#x43A;</subfield>
    <subfield code="9">191714</subfield>
    <subfield code="3">RU\NLR\AUTH\770191765</subfield>
  </datafield>
  <datafield tag="702" ind1=" " ind2="1">
    <subfield code="4">720</subfield>
    <subfield code="a">&#x412;&#x430;&#x442;&#x43E;&#x43B;&#x438;&#x43D;</subfield>
    <subfield code="b">&#x41F;. &#x410;.</subfield>
    <subfield code="c">&#x433;&#x43E;&#x441;. &#x438; &#x43F;&#x430;&#x440;&#x442;. &#x434;&#x435;&#x44F;&#x442;&#x435;&#x43B;&#x44C;</subfield>
    <subfield code="f">1889-1940</subfield>
    <subfield code="g">&#x41F;&#x451;&#x442;&#x440; &#x410;&#x43B;&#x435;&#x43A;&#x441;&#x430;&#x43D;&#x434;&#x440;&#x43E;&#x432;&#x438;&#x447;</subfield>
    <subfield code="9">191720</subfield>
    <subfield code="3">RU\NLR\AUTH\770191771</subfield>
  </datafield>
  <datafield tag="710" ind1="0" ind2="2">
    <subfield code="a">&#x422;&#x435;&#x440;&#x441;&#x43A;&#x438;&#x439; &#x43E;&#x43A;&#x440;&#x443;&#x436;&#x43D;&#x43E;&#x439; &#x438;&#x441;&#x43F;&#x43E;&#x43B;&#x43D;&#x438;&#x442;&#x435;&#x43B;&#x44C;&#x43D;&#x44B;&#x439; &#x43A;&#x43E;&#x43C;&#x438;&#x442;&#x435;&#x442; &#x421;&#x43E;&#x432;&#x435;&#x442;&#x43E;&#x432;</subfield>
    <subfield code="9">467971</subfield>
    <subfield code="3">RU\NLR\AUTH\880400547</subfield>
  </datafield>
  <datafield tag="852" ind1="0" ind2="0">
    <subfield code="a">NLR</subfield>
    <subfield code="b">&#x424;&#x41B;</subfield>
    <subfield code="j">38/346</subfield>
  </datafield>
  <datafield tag="856" ind1=" " ind2="0">
    <subfield code="u">https://vivaldi.nlr.ru/ll700000546/view</subfield>
  </datafield>
  <datafield tag="856" ind1=" " ind2="1">
    <subfield code="u">https://vivaldi.nlr.ru/ll700000546/cover</subfield>
  </datafield>
  <datafield tag="856" ind1=" " ind2="2">
    <subfield code="u">https://vivaldi.nlr.ru/ll700000546/text</subfield>
  </datafield>
  <datafield tag="942" ind1=" " ind2=" ">
    <subfield code="c">BOOK</subfield>
  </datafield>
  <datafield tag="980" ind1=" " ind2=" ">
    <subfield code="a">NB</subfield>
  </datafield>
  <datafield tag="981" ind1="2" ind2="2">
    <subfield code="a">(22) &#x41C;&#x430;&#x442;&#x435;&#x440;&#x438;&#x430;&#x43B;&#x44B; &#x43F;&#x43E; &#x438;&#x441;&#x442;&#x43E;&#x440;&#x438;&#x438; &#x420;&#x43E;&#x441;&#x441;&#x438;&#x438;</subfield>
    <subfield code="b">(22) &#x418;&#x441;&#x442;&#x43E;&#x440;&#x438;&#x44F; &#x420;&#x43E;&#x441;&#x441;&#x438;&#x438; &#x441; 25 &#x43E;&#x43A;&#x442;&#x44F;&#x431;&#x440;&#x44F; (7 &#x43D;&#x43E;&#x44F;&#x431;&#x440;&#x44F;) 1917 &#x433;&#x43E;&#x434;&#x430;</subfield>
  </datafield>
  <datafield tag="981" ind1="2" ind2="1">
    <subfield code="a">(21) &#x41B;&#x438;&#x441;&#x442;&#x43E;&#x432;&#x43A;&#x438;</subfield>
    <subfield code="b">(21) &#x41B;&#x438;&#x441;&#x442;&#x43E;&#x432;&#x43A;&#x438; 1924 &#x433;&#x43E;&#x434;&#x430;</subfield>
  </datafield>
</record>
